| 000 | 01153cam a22003377a 4500 | ||
|---|---|---|---|
| 001 | 14886217 | ||
| 005 | 20230322172732.0 | ||
| 008 | 070611s2004 vaua 001 0 eng d | ||
| 010 | _a 2007297787 | ||
| 020 | _a1563477041 | ||
| 020 | _a9781563477041 | ||
| 035 | _a(OCoLC)ocm56409209 | ||
| 035 | _a(OCoLC)56409209 | ||
| 040 |
_aNAT _cNAT _dOCLCQ _dBAKER _dYDXCP _dLVB _dBTCTA _dDLC |
||
| 042 | _alccopycat | ||
| 050 | 0 | 0 |
_aTL574.P7 _b.H68 2004 |
| 082 | 0 | 0 |
_a629.1323 _222 _bHOW |
| 100 | 1 |
_aHowe, Denis. _9111195 |
|
| 245 | 1 | 0 |
_aAircraft loading and structural layout / _cDenis Howe. |
| 260 |
_aReston, VA : _bAmerican Institute of Aeronautics and Astronautics, _cc2004. |
||
| 300 |
_axxxii, 591 p. : _bill. ; _c25 cm. |
||
| 440 | 0 |
_aAIAA education series _91422 |
|
| 500 | _aIncludes index. | ||
| 650 | 0 |
_aAirplanes _xPerformance. _92215 |
|
| 650 | 0 |
_aAerodynamic load. _9111196 |
|
| 650 | 0 |
_aAirplanes _xDesign and construction. _92216 |
|
| 906 |
_a7 _bcbc _ccopycat _d2 _encip _f20 _gy-gencatlg |
||
| 942 |
_2ddc _cBK |
||
| 999 |
_c594155 _d594155 |
||